<?xml version="1.0" encoding="UTF-8"?><?xml-stylesheet type="text/xsl" href="static/style.xsl"?><OAI-PMH xmlns="http://www.openarchives.org/OAI/2.0/" xmlns:xsi="http://www.w3.org/2001/XMLSchema-instance" xsi:schemaLocation="http://www.openarchives.org/OAI/2.0/ http://www.openarchives.org/OAI/2.0/OAI-PMH.xsd"><responseDate>2026-06-30T21:36:03Z</responseDate><request verb="GetRecord" identifier="oai:repisalud.isciii.es:20.500.12105/11242" metadataPrefix="marc">https://repisalud.isciii.es/rest/oai/request</request><GetRecord><record><header><identifier>oai:repisalud.isciii.es:20.500.12105/11242</identifier><datestamp>2025-06-18T12:48:03Z</datestamp><setSpec>com_20.500.12105_2052</setSpec><setSpec>com_20.500.12105_2051</setSpec><setSpec>com_20.500.12105_15322</setSpec><setSpec>col_20.500.12105_19613</setSpec><setSpec>col_20.500.12105_16973</setSpec><setSpec>col_20.500.12105_16983</setSpec></header><metadata><record xmlns="http://www.loc.gov/MARC21/slim" xmlns:dcterms="http://purl.org/dc/terms/" xmlns:doc="http://www.lyncode.com/xoai" xmlns:xsi="http://www.w3.org/2001/XMLSchema-instance" xsi:schemaLocation="http://www.loc.gov/MARC21/slim http://www.loc.gov/standards/marcxml/schema/MARC21slim.xsd">
   <leader>00925njm 22002777a 4500</leader>
   <datafield ind2=" " ind1=" " tag="042">
      <subfield code="a">dc</subfield>
   </datafield>
   <datafield ind2=" " ind1=" " tag="720">
      <subfield code="a">Gil-Borrelli, Christian-Carlo</subfield>
      <subfield code="e">author</subfield>
   </datafield>
   <datafield ind2=" " ind1=" " tag="720">
      <subfield code="a">Román, M</subfield>
      <subfield code="e">author</subfield>
   </datafield>
   <datafield ind2=" " ind1=" " tag="720">
      <subfield code="a">Obón, B</subfield>
      <subfield code="e">author</subfield>
   </datafield>
   <datafield ind2=" " ind1=" " tag="720">
      <subfield code="a">Rodriguez-Arenas, Maria de los Angeles</subfield>
      <subfield code="e">author</subfield>
   </datafield>
   <datafield ind2=" " ind1=" " tag="720">
      <subfield code="a">Latasa, P</subfield>
      <subfield code="e">author</subfield>
   </datafield>
   <datafield ind2=" " ind1=" " tag="260">
      <subfield code="c">2020-08-31</subfield>
   </datafield>
   <datafield ind2=" " ind1=" " tag="520">
      <subfield code="a">[ES] El objetivo fue identificar las diferencias en causas de ingreso y morbilidad entre las personas transgénero (trans) y cisgénero (cis) mediante el registro de altas hospitalarias de la Comunidad de Madrid. Se describieron sus características, causas de ingreso y morbilidades, comparándolas mediante razón de prevalencias e intervalo de confianza al 95% (IC95%). Las 112 altas trans se diferenciaron de las 1.043.621 altas cis en que más frecuentemente se atendieron en un solo centro (55,4 vs 9,3%), eran menores de 49 años (75,9 vs 37,1%) y se financiaron de forma privada (2,7 vs 0,4%). Los ingresos por salud mental (23,96; IC95%: 17,41-32,78), y la morbilidad por VIH (11,26; IC95%: 5,46-20,93) fueron más frecuentes entre las altas trans. La información es limitada más allá de la modificación corporal, la salud mental y el VIH. Es necesario ampliar el conocimiento respecto a la salud de este colectivo. [EN] The objective was to identify differences in health between transgender (trans) and cisgender (cis) people using the hospital discharge survey from the Autonomous Community of Madrid. Their characteristics, causes of admission and morbidities were described, comparing them by prevalence ratio and confidence interval (95% CI). One hundred and twelve trans vs 1,043,621 cis discharges were studied. The main differences were that more frequently trans people had been attended in a single center (55.4 vs. 9.3%), were under 49 years old (75.9 vs. 37.1%) and had used private health services (2.7 vs. 0.4%). Admissions related to mental health problems (23.96; 95% CI: 17.41-32.78) and HIV morbidity (11.26 95% CI: 5.46-20.93) were more frequent among trans discharges. Information is limited beyond body modification, mental health, and HIV. It is necessary to improve the knowledge about trans population’s health.</subfield>
   </datafield>
   <datafield ind1="8" ind2=" " tag="024">
      <subfield code="a">An Sist Sanit Navar  . 2020 Aug 31;43(2):209-216.</subfield>
   </datafield>
   <datafield ind1="8" ind2=" " tag="024">
      <subfield code="a">10.23938/ASSN.0861</subfield>
   </datafield>
   <datafield ind1="8" ind2=" " tag="024">
      <subfield code="a">1137-6627</subfield>
   </datafield>
   <datafield ind1="8" ind2=" " tag="024">
      <subfield code="a">Anales del sistema sanitario de Navarra</subfield>
   </datafield>
   <datafield ind1="8" ind2=" " tag="024">
      <subfield code="a">32602473</subfield>
   </datafield>
   <datafield ind1="8" ind2=" " tag="024">
      <subfield code="a">http://hdl.handle.net/20.500.12105/11242</subfield>
   </datafield>
   <datafield tag="653" ind2=" " ind1=" ">
      <subfield code="a">Encuestas de Atención de la Salud</subfield>
   </datafield>
   <datafield tag="653" ind2=" " ind1=" ">
      <subfield code="a">Personas  transgénero.</subfield>
   </datafield>
   <datafield tag="653" ind2=" " ind1=" ">
      <subfield code="a">Servicios de salud</subfield>
   </datafield>
   <datafield tag="653" ind2=" " ind1=" ">
      <subfield code="a">Morbilidad</subfield>
   </datafield>
   <datafield tag="653" ind2=" " ind1=" ">
      <subfield code="a">Clasificación Internacional de Enfermedades.</subfield>
   </datafield>
   <datafield tag="653" ind2=" " ind1=" ">
      <subfield code="a">Health Care surveys</subfield>
   </datafield>
   <datafield tag="653" ind2=" " ind1=" ">
      <subfield code="a">Transgender persons</subfield>
   </datafield>
   <datafield tag="653" ind2=" " ind1=" ">
      <subfield code="a">Health services</subfield>
   </datafield>
   <datafield tag="653" ind2=" " ind1=" ">
      <subfield code="a">Morbidity</subfield>
   </datafield>
   <datafield tag="653" ind2=" " ind1=" ">
      <subfield code="a">International Classification of Diseases</subfield>
   </datafield>
   <datafield ind2="0" ind1="0" tag="245">
      <subfield code="a">Comparación de las causas de ingreso y la morbilidad hospitalaria según la identidad de género de las personas atendidas en la Comunidad de Madrid</subfield>
   </datafield>
</record></metadata></record></GetRecord></OAI-PMH>